| 000 | 00618nam a2200217Ia 4500 | ||
|---|---|---|---|
| 005 | 20241129111111.0 | ||
| 008 | 241129s9999||||xx |||||||||||||| ||und|| | ||
| 020 | _a978-1-009-21554-1 | ||
| 037 | _aTB | ||
| 040 |
_aCRL _beng _cCRL |
||
| 041 |
_aeng _2eng |
||
| 084 |
_aO111,1:g R1 _qCRL |
||
| 100 |
_aLattig Sharon Au. _9723308 |
||
| 245 | 0 |
_aCognitive ecopoetics: a new theory of lyric _cLattig Sharon Au. |
|
| 260 |
_aLondon, K _bBloomsbury Academic U K _c2021 |
||
| 300 | _a235p. | ||
| 365 |
_aUKP _b28.99 |
||
| 650 | _aEnglish Literature | ||
| 942 |
_cTB _hO111,1:g R1 |
||
| 999 |
_c1228929 _d1228929 |
||